01330cam a2200337 a 4500001001400000003000800014005001700022006001900039007001500058008004100073020003800114040003000152049002600182050002100208082001400229100002500243245007100268260002800339300003100367504005100398520022700449521001700676588004700693650003900740655002900779710001600808776003500824856009800859942001600957999001900973EDZ0000064194StDuBDS20161031105213.0m||||||||d||||||||cr |||||||||||120327s2001 enk fo| 001|0|eng d a9781446219294 (ebook) :cNo price aStDuBDSbengcStDuBDSepn aAlfaisal Main Library 0aHV41b.P643 200104a361.32231 aPowell, Frederick W.14aThe politics of social workh[electronic resource] /cFred Powell. aLondon :bSAGE,cc2001. a1 online resource (186 p.) aIncludes bibliographical references and index.8 aThis text analyses the choices facing social work in post-modern society. It explores contemporary and historical paradigms of social work from its Victorian origins, multiculturalism feminism and anti-oppressive practice. aSpecialized. aDescription based on print version record. 0aSocial servicexPolitical aspects. 7aElectronic books.2local2 aSage eBooks08iPrint version :z978076196412440uhttp://ezproxy.alfaisal.edu/login?url=http://sk.sagepub.com/books/the-politics-of-social-work 2lcccEBOOKS c481625d481625